Manual práctico de fenómenos de transporte / Odilia Salgado Gómez (Registro nro. 16992)

Detalles MARC
000 -LÍDER
fixed length control field 00505nam a2200133 4500
008 - ELEMENTOS DE LONGITUD FIJA -- INFORMACIÓN GENERAL
fixed length control field 02004 0a 000 0MEX
050 ## - SIGNATURA TOPOGRAFICA DE LA BIBLIOTECA DEL CONGRESO (LC)
Número de Clasificación TP155 PD2 S2 2004
082 ## - NUMERO DE CLASIFICACION DECIMAL DEWEY
Número de Clasificación 532.15 S2m
100 ## - ASIENTO PRINCIPAL--NOMBRE PERSONAL
Nombre personal Salgado Gómez, Odilia
245 ## - TÍTULO
Título Manual práctico de fenómenos de transporte / Odilia Salgado Gómez
300 ## - DESCRIPCIÓN FÍSICA
Extensión 73 p. / 28 cm.
502 ## - NOTA DE TESIS
Nota de tesis Libro de texto. Opción. II. I.T.Z. (Química) In. Jorge N. Medellín Hern ndez
650 ## - ASIENTO SECUNDARIO DE MATERIA - TERMINO TEMÁTICO
Término temático o nombre geográfico como elemento de entrada 1.TRANSFERENCIA DE CALOR \ 2. DETERMINACIÓN DE LA EFICIENCIA
Existencias
No. biblioteca No. biblioteca Número de clasificación Código de barras/Número de adquisición Número de copia Tipo de material
TESIS QUÍMICA TESIS QUÍMICA 532.15 S2m Q83-2004 1 Tesis
Calzada Tecnológico # 27, Zacatepec, Morelos.
01(734) 343-07-23 / 343-21-10 / 343-21-11
Apdo. Postal 45 C.P 62780